000
00285nam a22001217a 4500
008
260424b |||||||| |||| 00| 0 eng d
082
_a
001067
100
_a
Narayanachar, K S
245
_a
Acharya Chanakya
260
_a
Hubli
_b
Sahitya Prakashana
_c
2018
300
_a
248p
942
_2
ddc
999
_c
1307
_d
1307